U.S. Counties with the Highest Per-Capita Income - Statistics

General Stats
  • This quiz has been taken 40 times
  • The average score is 11 of 20
Answer Stats
State County/County-equivalent Per-capita income Population % Correct
Virginia City of {Alexandria} $54,608 143,684
87%
Virginia {Arlington} County $62,018 214,861
84%
California City and County of {San Francisco} $48,486 817,501
81%
New York County of {New York} $62,498 1,605,272
81%
Virginia {Fairfax} County $50,532 1,101,071
77%
New York {Westchester} County $47,984 956,283
71%
Maryland {Montgomery} County $49,038 989,474
65%
Connecticut {Fairfield} County $48,721 926,233
61%
California {Marin} County $56,791 254,643
58%
Virginia City of {Falls Church} $59,088 12,731
52%
Maryland {Howard} County $48,172 293,821
52%
Virginia {Loudoun} County $46,565 326,477
52%
New Mexico {Los Alamos} County $51,044 17,979
45%
New Jersey {Somerset} County $47,803 326,207
45%
New Jersey {Hunterdon} County $50,349 127,047
42%
New Jersey {Morris} County $48,814 495,261
42%
Massachusetts Town and County of {Nantucket} $47,331 10,224
39%
Colorado {Pitkin} County $51,814 17,173
32%
Alaska {North Slope} Borough $46,457 9,484
29%
Texas {Borden} County $50,042 649
26%
No matching quizzes found
Score Distribution
Percent of People with Each Score
Percentile by Number Answered
Your Score History
You have not taken this quiz